| 000 | 00659cam a22002057i 4500 | ||
|---|---|---|---|
| 020 | _a0133915425 | ||
| 020 | _a9780133915426 | ||
| 082 |
_a620.1 _bHIB _cN-2,P-99 |
||
| 100 | 1 |
_aHibbeler, R. C., _91019 |
|
| 245 | 1 | 0 |
_aEngineering mechanics. _cR.C. Hibbeler. _bStatics and Dynamics |
| 250 | _aFourteenth edition. | ||
| 300 |
_axxiii, 760 pages : _billustrations (some color) ; _c25 cm |
||
| 500 | _aIncludes index. | ||
| 526 |
_a0 _b0 _c0 _d620_100000000000000_HIB |
||
| 526 |
_a0 _b0 _c0 _d620_100000000000000_HIB |
||
| 526 |
_a0 _b0 _c0 _d620_100000000000000_HIB |
||
| 650 | 0 | _aMechanical engineering | |
| 650 | 0 |
_aMechanics, Applied _913090 |
|
| 942 |
_2ddc _cBK |
||
| 999 |
_c554181 _d554181 |
||